[Event "Ghent Taminco op 35th"]
[Site "Ghent"]
[Date "2012.07.15"]
[Round "3"]
[White "Solodovnichenko, Yuri"]
[Black "Ten Hagen, Yorick"]
[Result "1-0"]
[WhiteElo "2615"]
[BlackElo "2166"]
[PlyCount "43"]
[EventDate "2012.07.14"]
[EventType "swiss"]
[EventRounds "9"]
[EventCountry "BEL"]
[SourceTitle "CBM 149 Extra"]
[Source "ChessBase"]
[SourceDate "2012.08.24"]
[SourceVersion "1"]
[SourceVersionDate "2012.08.24"]
[SourceQuality "1"]

1. e4 c5 2. Nf3 d6 3. d4 cxd4 4. Nxd4 Nf6 5. Nc3 a6 6. Be3 e6 7. f4 Nbd7 8. Qf3 Qc7 9. g4 h6 10. Bg2 g5 11. Nde2 Bg7 12. 0-0-0 Rb8 13. h4 gxf4 14. Bxf4 Ne5 15. Bxe5 dxe5 16. g5 Nh7 17. Ng3 hxg5 18. hxg5 Qe7 19. Nh5 Qxg5+ 20. Kb1 Bh6 21. Na4 Bd7 22. Rxd7 1-0

[Event "Vlissingen HZ op 15th"]
[Site "Vlissingen"]
[Date "2011.08.04"]
[Round "7"]
[White "Zaragatski, Ilja"]
[Black "Ten Hagen, Yorick"]
[Result "1-0"]
[WhiteElo "2469"]
[BlackElo "2189"]
[PlyCount "85"]
[EventDate "2011.07.30"]
[EventType "swiss"]
[EventRounds "9"]
[EventCountry "NED"]
[SourceTitle "CBM 143 Extra"]
[Source "ChessBase"]
[SourceDate "2011.08.29"]
[SourceVersion "1"]
[SourceVersionDate "2011.08.29"]
[SourceQuality "1"]

1. Nf3 c5 2. g3 g6 3. c4 Nc6 4. Bg2 Bg7 5. Nc3 d6 6. a3 e5 7. 0-0 Nge7 8. b4 0-0 9. Rb1 h6 10. Ne1 Bf5 11. d3 Qc8 12. Ne4 Rd8 13. bxc5 dxc5 14. Nxc5 Na5 15. Qa4 Qxc5 16. Rb5 Bd7 17. Rxc5 Bxa4 18. Rxa5 Bc6 19. Nc2 a6 20. Nb4 Bxg2 21. Kxg2 e4 22. Be3 exd3 23. exd3 Nf5 24. Bb6 Re8 25. Rd5 Re6 26. c5 a5 27. Nc2 Re2 28. g4 Nh4+ 29. Kg3 g5 30. Ne3 Re8 31. Nc4 a4 32. Bc7 R8e6 33. Rd6 Re7 34. Bd8 Re8 35. Rd5 Bc3 36. Bc7 Be1 37. Re5 f5 38. Rxe8+ Rxe8 39. gxf5 h5 40. Be5 Nxf5+ 41. Kf3 Bd2 42. Ke4 Nh4 43. Nxd2 1-0

[Event "Vlissingen HZ op 15th"]
[Site "Vlissingen"]
[Date "2011.08.02"]
[Round "5"]
[White "Sparreboom, Willem"]
[Black "Ten Hagen, Yorick"]
[Result "0-1"]
[WhiteElo "1948"]
[BlackElo "2189"]
[PlyCount "110"]
[EventDate "2011.07.30"]
[EventType "swiss"]
[EventRounds "9"]
[EventCountry "NED"]
[SourceTitle "CBM 143 Extra"]
[Source "ChessBase"]
[SourceDate "2011.08.29"]
[SourceVersion "1"]
[SourceVersionDate "2011.08.29"]
[SourceQuality "1"]

1. Nf3 Nf6 2. d4 e6 3. g3 c5 4. Bg2 cxd4 5. Nxd4 a6 6. c4 Qc7 7. Qd3 Nc6 8. Nxc6 bxc6 9. 0-0 Be7 10. Bf4 e5 11. Bd2 0-0 12. Nc3 Rb8 13. b3 Bb7 14. Rfd1 Rbd8 15. Bg5 d5 16. cxd5 cxd5 17. Rac1 e4 18. Nxe4 dxe4 19. Rxc7 exd3 20. Rxe7 dxe2 21. Re1 Be4 22. Bxe4 Rd1 23. Bxh7+ Nxh7 24. R7xe2 Rxe1+ 25. Rxe1 Nxg5 26. Re7 Rc8 27. h4 Ne6 28. Ra7 Rc6 29. Ra8+ Kh7 30. b4 Kg6 31. a4 f6 32. Rb8 Nd4 33. Kg2 Rc4 34. Rb6 Nc6 35. Rxa6 Nxb4 36. Ra8 Nd3 37. Rd8 Nb2 38. a5 Rc5 39. a6 Ra5 40. Rd6 Nc4 41. Re6 Ne5 42. f4 Nd3 43. Rb6 Nc5 44. g4 Ra2+ 45. Kf3 Ra3+ 46. Kg2 Rxa6 47. h5+ Kh7 48. Rb5 Ne6 49. Rb4 Rd6 50. Re4 f5 51. gxf5 Nd4 52. Kg3 Nxf5+ 53. Kg4 Nh6+ 54. Kh4 Rd1 55. Re5 Ng8 0-1

[Event "GER-chA U25"]
[Site "Oberhof"]
[Date "2011.06.16"]
[Round "7"]
[White "Von Meijenfeldt, Bart"]
[Black "Ten Hagen, Yorick"]
[Result "1/2-1/2"]
[WhiteElo "2149"]
[BlackElo "2197"]
[PlyCount "20"]
[EventDate "2011.06.11"]
[EventType "swiss"]
[EventRounds "9"]
[EventCountry "GER"]
[SourceTitle "CBM 142 Extra"]
[Source "ChessBase"]
[SourceDate "2011.06.27"]
[SourceVersion "1"]
[SourceVersionDate "2011.06.27"]
[SourceQuality "1"]

1. e4 c5 2. Nc3 d6 3. Nf3 Nf6 4. d4 cxd4 5. Nxd4 a6 6. Be2 e5 7. Nb3 Be7 8. Be3 Be6 9. 0-0 0-0 10. a4 Nc6 1/2-1/2

[Event "GER-chA U25"]
[Site "Oberhof"]
[Date "2011.06.14"]
[Round "4"]
[White "Ten Hagen, Yorick"]
[Black "Schirrmacher, Carsten"]
[Result "1-0"]
[WhiteElo "2197"]
[BlackElo "2067"]
[PlyCount "89"]
[EventDate "2011.06.11"]
[EventType "swiss"]
[EventRounds "9"]
[EventCountry "GER"]
[SourceTitle "CBM 142 Extra"]
[Source "ChessBase"]
[SourceDate "2011.06.27"]
[SourceVersion "1"]
[SourceVersionDate "2011.06.27"]
[SourceQuality "1"]

1. d4 d5 2. c4 e6 3. Nf3 c5 4. cxd5 exd5 5. g3 Nc6 6. Bg2 Nf6 7. 0-0 Be7 8. Nc3 0-0 9. dxc5 Bxc5 10. Na4 Be7 11. Be3 Ne4 12. Rc1 Re8 13. b3 Ba3 14. Rb1 b5 15. Nc5 Nc3 16. Qd3 Nxb1 17. Ng5 g6 18. Nxf7 Kxf7 19. Bxd5+ Kg7 20. Bxc6 Bf5 21. Qd4+ Qxd4 22. Bxd4+ Kh6 23. Bxa8 Rxa8 24. g4 Bc2 25. Be3+ Kg7 26. Ne6+ Kf7 27. Nd4 Rc8 28. Nxb5 a6 29. Nxa3 Nxa3 30. Rc1 Ke6 31. f3 Kd5 32. Kf2 Rc6 33. Bd2 Bb1 34. e4+ Kd6 35. Bb4+ Kd7 36. Rd1+ Ke6 37. Bxa3 Bxa2 38. Rd3 a5 39. f4 Bb1 40. f5+ Ke5 41. Bb2+ Kf4 42. Rf3+ Kxg4 43. h3+ Kg5 44. f6 Rc2+ 45. Ke1 1-0

[Event "GER-chA U25"]
[Site "Oberhof"]
[Date "2011.06.12"]
[Round "2"]
[White "Ten Hagen, Yorick"]
[Black "Linnemann, Niklas"]
[Result "1-0"]
[WhiteElo "2197"]
[BlackElo "1847"]
[PlyCount "45"]
[EventDate "2011.06.11"]
[EventType "swiss"]
[EventRounds "9"]
[EventCountry "GER"]
[SourceTitle "CBM 142 Extra"]
[Source "ChessBase"]
[SourceDate "2011.06.27"]
[SourceVersion "1"]
[SourceVersionDate "2011.06.27"]
[SourceQuality "1"]

1. d4 Nf6 2. c4 g6 3. g3 Bg7 4. Bg2 d5 5. cxd5 Nxd5 6. Nf3 0-0 7. Nc3 Nxc3 8. bxc3 c5 9. 0-0 Nc6 10. e3 cxd4 11. cxd4 e5 12. dxe5 Nxe5 13. Nxe5 Bxe5 14. Rb1 Qc7 15. Ba3 Rd8 16. Qb3 Rb8 17. Rfc1 Qd7 18. Rc5 Bg7 19. Rbc1 Qe8 20. Bd5 Rd7 21. Qa4 a6 22. Bxf7+ Kxf7 23. Qf4+ 1-0

[Event "NED-ch U21"]
[Site "Haarlem"]
[Date "2011.05.08"]
[Round "9"]
[White "Ten Hertog, Hugo"]
[Black "Ten Hagen, Yorick"]
[Result "0-1"]
[WhiteElo "2291"]
[BlackElo "2214"]
[PlyCount "62"]
[EventDate "2011.04.30"]
[EventType "swiss"]
[EventRounds "9"]
[EventCountry "NED"]
[SourceTitle "CBM 142 Extra"]
[Source "ChessBase"]
[SourceDate "2011.06.27"]
[SourceVersion "1"]
[SourceVersionDate "2011.06.27"]
[SourceQuality "1"]

1. e4 d6 2. d4 Nf6 3. Nc3 g6 4. f4 Bg7 5. Nf3 0-0 6. Bd3 Nc6 7. 0-0 Bg4 8. Be3 e5 9. Ne2 Re8 10. fxe5 dxe5 11. d5 Nxd5 12. exd5 e4 13. Bxe4 Rxe4 14. Bg5 Bxf3 15. Bxd8 Bxe2 16. dxc6 Bxd1 17. Bxc7 bxc6 18. Raxd1 Bd4+ 19. Kh1 Bxb2 20. Rd7 Re2 21. h3 f5 22. c4 Ba3 23. Rb1 Rxa2 24. Be5 Bf8 25. Rbb7 Re8 26. Bg7 f4 27. Bc3 Rc2 28. Bb4 f3 29. Rf7 fxg2+ 30. Kh2 c5 31. Bxc5 g1Q+ 0-1

[Event "NED-ch U21"]
[Site "Haarlem"]
[Date "2011.05.03"]
[Round "4"]
[White "Van der Lende, Ilias"]
[Black "Ten Hagen, Yorick"]
[Result "0-1"]
[WhiteElo "2106"]
[BlackElo "2214"]
[PlyCount "80"]
[EventDate "2011.04.30"]
[EventType "swiss"]
[EventRounds "9"]
[EventCountry "NED"]
[SourceTitle "CBM 142 Extra"]
[Source "ChessBase"]
[SourceDate "2011.06.27"]
[SourceVersion "1"]
[SourceVersionDate "2011.06.27"]
[SourceQuality "1"]

1. e4 c5 2. c3 d6 3. d4 Nf6 4. Bd3 g6 5. Nf3 Bg7 6. h3 0-0 7. Qe2 Nc6 8. Be3 b6 9. d5 Nb8 10. Nbd2 e6 11. c4 Nfd7 12. dxe6 fxe6 13. Ng5 Re8 14. f4 Nc6 15. 0-0 Bb7 16. Qg4 Nf8 17. Rae1 Nd4 18. h4 Qd7 19. h5 Rad8 20. hxg6 hxg6 21. Ndf3 Nxf3+ 22. Rxf3 Bxb2 23. Rh3 Qg7 24. Kf2 b5 25. Reh1 bxc4 26. Bb1 Bf6 27. Nh7 Nd7 28. e5 dxe5 29. Bxg6 exf4 30. Bxf4 Bd4+ 31. Kg3 Re7 32. Nf8 Nxf8 33. Rh8+ Qxh8 34. Rxh8+ Bxh8 35. Bg5 Be5+ 36. Kf2 Rd4 37. Qh5 Rg7 38. Be8 Rd5 39. Kf1 Bd4 40. g4 Rdxg5 0-1

[Event "Maastricht Limburg op-A 4th"]
[Site "Maastricht"]
[Date "2010.05.24"]
[Round "6"]
[White "Wiley, Tom E"]
[Black "Ten Hagen, Yorick"]
[Result "1/2-1/2"]
[WhiteElo "2281"]
[BlackElo "2215"]
[PlyCount "89"]
[EventDate "2010.05.21"]
[EventType "swiss"]
[EventRounds "7"]
[EventCountry "NED"]
[SourceTitle "CBM 136 Extra"]
[Source "ChessBase"]
[SourceDate "2010.07.02"]
[SourceVersion "2"]
[SourceVersionDate "2010.07.15"]
[SourceQuality "1"]

1. d4 Nf6 2. c4 e6 3. Nc3 Bb4 4. Qc2 Nc6 5. Nf3 d6 6. a3 Bxc3+ 7. Qxc3 Qe7 8. b4 0-0 9. Bb2 Re8 10. e3 e5 11. d5 Nb8 12. Be2 Nbd7 13. Nd2 Nf8 14. e4 c6 15. 0-0 Ng6 16. g3 Bh3 17. Rfe1 Rec8 18. Qb3 Rf8 19. f3 h5 20. Bf1 Bd7 21. Bg2 h4 22. Nf1 Rac8 23. Bc1 cxd5 24. cxd5 Nh5 25. Be3 Bb5 26. g4 Nhf4 27. h3 Bd3 28. Bxf4 Nxf4 29. Ne3 Qg5 30. Rad1 Ne2+ 31. Kf2 Rc3 32. Qb2 Rfc8 33. Rxd3 Rxd3 34. Rxe2 Rcc3 35. Nf1 Qd8 36. Kg1 Qb6+ 37. Kh2 Qd4 38. Rc2 Rxc2 39. Qxc2 Rc3 40. Qa4 Rc8 41. Qd7 Rc2 42. Qe8+ Kh7 43. Qxf7 Qf2 44. Qh5+ Kg8 45. Qe8+ 1/2-1/2

[Event "Maastricht Limburg op-A 4th"]
[Site "Maastricht"]
[Date "2010.05.23"]
[Round "4"]
[White "Hortensius, Lisa"]
[Black "Ten Hagen, Yorick"]
[Result "1/2-1/2"]
[WhiteElo "2063"]
[BlackElo "2215"]
[PlyCount "82"]
[EventDate "2010.05.21"]
[EventType "swiss"]
[EventRounds "7"]
[EventCountry "NED"]
[SourceTitle "CBM 136 Extra"]
[Source "ChessBase"]
[SourceDate "2010.07.02"]
[SourceVersion "2"]
[SourceVersionDate "2010.07.15"]
[SourceQuality "1"]

1. e4 c5 2. Nf3 Nc6 3. d4 cxd4 4. Nxd4 e5 5. Nb5 d6 6. N1c3 a6 7. Na3 b5 8. Nd5 Nge7 9. c4 Nxd5 10. exd5 Nd4 11. cxb5 Bd7 12. bxa6 Qa5+ 13. Bd2 Qxd5 14. Be3 Be7 15. Nc2 Bf6 16. Nxd4 exd4 17. Be2 Qe5 18. Bc1 Bb5 19. Kf1 0-0 20. a4 Bxe2+ 21. Qxe2 Qf5 22. h4 d3 23. Qf3 Qxf3 24. gxf3 Rxa6 25. Kg2 d2 26. Bxd2 Bxb2 27. Rab1 Bf6 28. a5 Rfa8 29. Rb6 Bd8 30. Rxa6 Rxa6 31. Rb1 Kf8 32. Rb8 Ke7 33. Bg5+ f6 34. Rb7+ Kf8 35. Rb8 fxg5 36. Rxd8+ Ke7 37. Rg8 Kf7 38. Rh8 Kg6 39. hxg5 Rxa5 40. f4 Rf5 41. Kg3 h6 1/2-1/2

[Event "Delft Prinsenstad op-A"]
[Site "Delft"]
[Date "2010.04.03"]
[Round "3"]
[White "Van Loenen, Daniel"]
[Black "Ten Hagen, Yorick"]
[Result "0-1"]
[WhiteElo "2049"]
[BlackElo "2231"]
[PlyCount "84"]
[EventDate "2010.04.02"]
[EventType "swiss"]
[EventRounds "6"]
[EventCountry "NED"]
[SourceTitle "EXT 2013"]
[Source "ChessBase"]
[SourceDate "2012.11.22"]
[SourceVersion "1"]
[SourceVersionDate "2012.11.22"]
[SourceQuality "1"]

1. e4 c5 2. Nc3 Nc6 3. g3 g6 4. Bg2 Bg7 5. d3 d6 6. Be3 e5 7. Nge2 Nge7 8. Qd2 Nd4 9. h4 Bg4 10. Bxd4 cxd4 11. Nd1 Qb6 12. c3 0-0 13. 0-0 Bh6 14. Qc2 Rfd8 15. Kh2 d5 16. f3 Be6 17. Bh3 dxc3 18. bxc3 dxe4 19. fxe4 Bxh3 20. Kxh3 Rac8 21. Rb1 Qe6+ 22. Kg2 b6 23. Rf3 f5 24. Nf2 fxe4 25. Nxe4 Nf5 26. Qa4 Rf8 27. Ng5 Bxg5 28. hxg5 Qd5 29. Qb3 Rc4 30. Ng1 Ne3+ 31. Kf2 Qxd3 32. Re1 Ng4+ 33. Kg2 Rxf3 34. Nxf3 Qxc3 35. Qxc3 Rxc3 36. Re4 Ne3+ 37. Kf2 Nc4 38. a4 Rxf3+ 39. Kxf3 Nd2+ 40. Ke3 Nxe4 41. Kxe4 Kf7 42. Kxe5 a6 0-1

[Event "Leiden Noteboom Memorial 70th"]
[Site "Leiden"]
[Date "2010.02.13"]
[Round "3"]
[White "Van Ketel, Raoul"]
[Black "Ten Hagen, Yorick"]
[Result "0-1"]
[WhiteElo "2242"]
[BlackElo "2198"]
[PlyCount "60"]
[EventDate "2010.02.12"]
[EventType "swiss"]
[EventRounds "6"]
[EventCountry "NED"]
[SourceTitle "CBM 134 Extra"]
[Source "ChessBase"]
[SourceDate "2010.03.03"]
[SourceVersion "1"]
[SourceVersionDate "2010.03.03"]
[SourceQuality "1"]

1. d4 Nf6 2. c4 g6 3. Nc3 Bg7 4. e4 d6 5. f4 0-0 6. Nf3 Na6 7. e5 Nd7 8. Be2 c5 9. exd6 exd6 10. 0-0 Re8 11. f5 cxd4 12. Nd5 Nc7 13. fxg6 hxg6 14. Bg5 f6 15. Bh4 Nxd5 16. cxd5 Qb6 17. Bf2 f5 18. Nxd4 Qxb2 19. Rb1 Qxa2 20. Ne6 Nc5 21. Bb5 Rxe6 22. dxe6 Bxe6 23. Bd4 Qxb1 24. Qxb1 Bxd4+ 25. Kh1 Ne4 26. Bd7 Bf7 27. Qxb7 Rd8 28. Qc7 Bb6 29. Qc6 Kg7 30. Qb5 Ng3+ 0-1

[Event "Haarlem BDO-B"]
[Site "Haarlem"]
[Date "2009.08.22"]
[Round "8"]
[White "Stets, Dmitry"]
[Black "Ten Hagen, Yorick"]
[Result "1-0"]
[WhiteElo "2427"]
[BlackElo "2150"]
[PlyCount "57"]
[EventDate "2009.08.15"]
[EventType "tourn"]
[EventRounds "9"]
[EventCountry "NED"]
[EventCategory "4"]
[SourceTitle "CBM 131 Extra"]
[Source "ChessBase"]
[SourceDate "2009.09.03"]
[SourceVersion "2"]
[SourceVersionDate "2009.09.16"]
[SourceQuality "1"]

1. e4 d5 2. exd5 Qxd5 3. Nc3 Qd6 4. d4 Nf6 5. Nge2 a6 6. Bf4 Qd8 7. Qd3 g6 8. 0-0-0 c6 9. h4 Bf5 10. Qg3 Nh5 11. Qe3 Nxf4 12. Nxf4 Bh6 13. Bd3 Bxd3 14. Rxd3 Nd7 15. g4 Qc7 16. g5 Bg7 17. h5 0-0-0 18. h6 Bf8 19. d5 Qb6 20. Qh3 Qxf2 21. Rf1 Qc5 22. Rfd1 Qd6 23. Ne6 fxe6 24. dxe6 Qf4+ 25. Kb1 Qxg5 26. Rxd7 Bxh6 27. Qd3 Qa5 28. Qd4 Rde8 29. Qa7 1-0

[Event "Haarlem BDO-B"]
[Site "Haarlem"]
[Date "2009.08.17"]
[Round "3"]
[White "Van Ojik, Mark"]
[Black "Ten Hagen, Yorick"]
[Result "1-0"]
[WhiteElo "2245"]
[BlackElo "2150"]
[PlyCount "117"]
[EventDate "2009.08.15"]
[EventType "tourn"]
[EventRounds "9"]
[EventCountry "NED"]
[EventCategory "4"]
[SourceTitle "CBM 131 Extra"]
[Source "ChessBase"]
[SourceDate "2009.09.03"]
[SourceVersion "2"]
[SourceVersionDate "2009.09.16"]
[SourceQuality "1"]

1. d4 Nf6 2. Nf3 e6 3. g3 b5 4. a4 b4 5. Bg2 Bb7 6. 0-0 d5 7. Nbd2 c5 8. c4 Nbd7 9. cxd5 Bxd5 10. Re1 Be7 11. e4 Bb7 12. e5 Nd5 13. Nc4 0-0 14. h4 h6 15. g4 Ba6 16. Nd6 cxd4 17. g5 hxg5 18. Nxg5 Nxe5 19. Ndxf7 Nxf7 20. Nxe6 Qd6 21. Nxf8 Rxf8 22. Qxd4 Nb6 23. Qxd6 Bxd6 24. Be3 Ne5 25. a5 Nbc4 26. Bxa7 Rf6 27. Rad1 Rg6 28. Rxd6 Rxd6 29. Bb8 Re6 30. Kh1 Kf8 31. f4 Nxb2 32. Bxe5 Rh6 33. Bxb2 Rxh4+ 34. Kg1 Rxf4 35. Re6 Bc4 36. Rc6 Rg4 37. Rc8+ Ke7 38. Rc7+ Kd8 39. Rc5 Ba6 40. Kf2 Rc4 41. Rxc4 Bxc4 42. Bxg7 Kc8 43. Ke3 Kb8 44. Kd4 Ba6 45. Bd5 Ka7 46. Kc5 Bb7 47. Bb3 Ba6 48. Kxb4 Bf1 49. Bd4+ Kb7 50. Bd5+ Ka6 51. Bb6 Bg2 52. Bc4+ Kb7 53. Kc5 Bf3 54. Kd6 Bg2 55. Bd4 Bf3 56. Kc5 Bg2 57. a6+ Kb8 58. Kb6 Bf3 59. Be6 1-0

[Event "Vlissingen HZ op 13th"]
[Site "Vlissingen"]
[Date "2009.08.05"]
[Round "6"]
[White "Kahleys, Kevin"]
[Black "Ten Hagen, Yorick"]
[Result "1-0"]
[WhiteElo "1986"]
[BlackElo "2150"]
[PlyCount "107"]
[EventDate "2009.08.01"]
[EventType "swiss"]
[EventRounds "9"]
[EventCountry "NED"]
[SourceTitle "CBM 131 Extra"]
[Source "ChessBase"]
[SourceDate "2009.09.03"]
[SourceVersion "2"]
[SourceVersionDate "2009.09.16"]
[SourceQuality "1"]

1. Nf3 Nf6 2. c4 g6 3. g3 Bg7 4. Bg2 0-0 5. 0-0 d5 6. cxd5 Nxd5 7. Nc3 Nc6 8. d4 Nb6 9. d5 Nb4 10. e4 e6 11. Qb3 Na6 12. Be3 exd5 13. Rfd1 Qe7 14. exd5 Bg4 15. h3 Bd7 16. Rac1 Rfe8 17. d6 cxd6 18. Bxb6 axb6 19. Nd5 Qe2 20. Ng5 Qxb2 21. Nxb6 Qxb3 22. axb3 Rad8 23. Rxd6 Bc6 24. Rxd8 Rxd8 25. Bxc6 bxc6 26. Rxc6 Bd4 27. Nf3 Bg7 28. Kf1 Bf8 29. Rc8 Rd1+ 30. Ke2 Rd6 31. Nc4 Re6+ 32. Kf1 Kg7 33. Ng5 Re7 34. Nxh7 Kxh7 35. Rxf8 Kg7 36. Ra8 Nc5 37. b4 Nd3 38. b5 Re1+ 39. Kg2 Rb1 40. Na3 Rb2 41. Kf3 Nc5 42. Ke3 Rb4 43. Kd2 Rb2+ 44. Kc3 Rxf2 45. Kb4 Ne6 46. Nc4 Nc7 47. Ra7 Nd5+ 48. Kc5 Nf6 49. b6 Rf5+ 50. Kc6 Nd5 51. b7 Nb4+ 52. Kd7 Rb5 53. Nd6 Rb6 54. Ra8 1-0

[Event "Budapest FS07 FM-A"]
[Site "Budapest"]
[Date "2009.07.12"]
[Round "9"]
[White "Yip, Michael"]
[Black "Ten Hagen, Yorick"]
[Result "0-1"]
[WhiteElo "2045"]
[BlackElo "2150"]
[PlyCount "32"]
[EventDate "2009.07.04"]
[EventType "tourn"]
[EventRounds "11"]
[EventCountry "HUN"]
[SourceTitle "CBM 131 Extra"]
[Source "ChessBase"]
[SourceDate "2009.09.03"]
[SourceVersion "2"]
[SourceVersionDate "2009.09.16"]
[SourceQuality "1"]

1. d4 Nf6 2. c4 g6 3. Nc3 d5 4. Nf3 Bg7 5. Qb3 dxc4 6. Qxc4 0-0 7. e4 Na6 8. Qb3 c5 9. d5 e6 10. Be2 exd5 11. exd5 Re8 12. 0-0 Bf5 13. Rd1 Nb4 14. Bb5 Bc2 15. Qc4 Bxd1 16. Bxe8 Bxf3 0-1

[Event "Budapest FS07 FM-A"]
[Site "Budapest"]
[Date "2009.07.09"]
[Round "6"]
[White "Ten Hagen, Yorick"]
[Black "Zoltan, Andras"]
[Result "1-0"]
[WhiteElo "2150"]
[BlackElo "1945"]
[PlyCount "33"]
[EventDate "2009.07.04"]
[EventType "tourn"]
[EventRounds "11"]
[EventCountry "HUN"]
[SourceTitle "CBM 131 Extra"]
[Source "ChessBase"]
[SourceDate "2009.09.03"]
[SourceVersion "2"]
[SourceVersionDate "2009.09.16"]
[SourceQuality "1"]

1. e4 e5 2. Nf3 Nc6 3. Bb5 Nd4 4. Nxd4 exd4 5. 0-0 c6 6. Bc4 Nf6 7. d3 d5 8. exd5 Nxd5 9. Nd2 Be7 10. Ne4 0-0 11. Re1 Be6 12. Qh5 Qd7 13. Ng5 Bxg5 14. Bxg5 Nc7 15. Bf4 f6 16. Qf5 Rad8 17. Bxe6+ 1-0

[Event "Leiden Noteboom Memorial 69th"]
[Site "Leiden"]
[Date "2009.02.21"]
[Round "2"]
[White "Solodovnichenko, Yuri"]
[Black "Ten Hagen, Yorick"]
[Result "1-0"]
[WhiteElo "2571"]
[BlackElo "2161"]
[PlyCount "59"]
[EventDate "2009.02.07"]
[EventType "swiss"]
[EventRounds "6"]
[EventCountry "NED"]
[SourceTitle "CBM 128 Extra"]
[Source "ChessBase"]
[SourceDate "2009.03.05"]
[SourceVersion "2"]
[SourceVersionDate "2009.03.25"]
[SourceQuality "1"]

1. e4 c5 2. Nc3 g6 3. Nf3 Bg7 4. d4 cxd4 5. Nxd4 Nc6 6. Be3 Nf6 7. Bc4 0-0 8. Bb3 a5 9. a3 a4 10. Ba2 Qa5 11. 0-0 d6 12. h3 Nxd4 13. Bxd4 Be6 14. Nd5 Nxd5 15. exd5 Bf5 16. Bxg7 Kxg7 17. Re1 Rfe8 18. c3 Qc5 19. Qf3 Ra6 20. Re2 Rb6 21. Rae1 Kf8 22. Qf4 Bd7 23. Qh6+ Kg8 24. Rxe7 Rxe7 25. Rxe7 Rxb2 26. Qf4 Bf5 27. g4 Kf8 28. Re3 Qc8 29. gxf5 Rxa2 30. Qh6+ 1-0

[Event "Vlissingen HZ op 12th"]
[Site "Vlissingen"]
[Date "2008.08.08"]
[Round "8"]
[White "Sparreboom, Willem"]
[Black "Ten Hagen, Yorick"]
[Result "0-1"]
[WhiteElo "1986"]
[BlackElo "2152"]
[PlyCount "98"]
[EventDate "2008.08.02"]
[EventType "swiss"]
[EventRounds "9"]
[EventCountry "NED"]
[SourceTitle "CBM 125 Extra"]
[Source "ChessBase"]
[SourceDate "2008.09.01"]
[SourceVersion "1"]
[SourceVersionDate "2008.09.01"]
[SourceQuality "1"]

1. d4 Nf6 2. c4 g6 3. Nc3 Bg7 4. e4 0-0 5. Nf3 d6 6. Be2 e5 7. Be3 Na6 8. 0-0 Qe8 9. d5 Ng4 10. Bc1 f5 11. Ne1 Nf6 12. f3 f4 13. Nd3 g5 14. b4 h5 15. h3 Qg6 16. b5 Nb8 17. Nf2 Rf7 18. c5 Bf8 19. c6 Rg7 20. Kh1 a6 21. a4 axb5 22. Nxb5 bxc6 23. Nxc7 Rxc7 24. dxc6 Be6 25. Ba3 Rxc6 26. Bb5 Rb6 27. Rc1 g4 28. Bc4 Qf7 29. Bxe6 Qxe6 30. hxg4 hxg4 31. Rc7 Na6 32. Rc3 g3 33. Nh3 Ra7 34. Qc2 Nb4 35. Bxb4 Rxb4 36. Rc1 Rbxa4 37. Ng5 Qa2 38. Qd1 Rd4 39. Qf1 Rg7 40. R1c2 Qa7 41. Nh3 Nh7 42. Qc1 Ng5 43. Rc7 Rxc7 44. Rxc7 Qa4 45. Rc2 Nxh3 46. gxh3 Qb3 47. Kg2 Ra4 48. Qd2 Ra3 49. Qe2 Qd3 0-1

[Event "Vlissingen HZ op 12th"]
[Site "Vlissingen"]
[Date "2008.08.06"]
[Round "6"]
[White "Afek, Yochanan"]
[Black "Ten Hagen, Yorick"]
[Result "1-0"]
[WhiteElo "2321"]
[BlackElo "2152"]
[PlyCount "57"]
[EventDate "2008.08.02"]
[EventType "swiss"]
[EventRounds "9"]
[EventCountry "NED"]
[SourceTitle "CBM 125 Extra"]
[Source "ChessBase"]
[SourceDate "2008.09.01"]
[SourceVersion "1"]
[SourceVersionDate "2008.09.01"]
[SourceQuality "1"]

1. c4 c5 2. Nc3 Nc6 3. g3 g6 4. Bg2 Bg7 5. Nf3 d6 6. 0-0 e5 7. a3 Nge7 8. Rb1 a5 9. d3 h6 10. Ne1 Be6 11. Nc2 Qd7 12. b4 Bh3 13. Bxh3 Qxh3 14. bxc5 h5 15. cxd6 h4 16. g4 f5 17. dxe7 fxg4 18. Qe1 e4 19. Nd5 exd3 20. Rb3 g3 21. fxg3 dxc2 22. Qf2 Qf5 23. Rf3 hxg3 24. Qxg3 Nd4 25. Qd6 Nxf3+ 26. Rxf3 Qg4+ 27. Kf1 Qxf3+ 28. exf3 Kf7 29. Nc7 1-0